000 00354nam a22001457a 4500
003 OSt
005 20160727222421.0
008 160628b xxu||||| |||| 00| 0 eng d
040 _cTEST
100 _91270
_aSeligman, N.E.P
245 _aLearned Optimism
260 _aNEW YORK
_bALFRED A.KNOOPF INC.
_c1990
300 _aLearned Optimism
942 _2ddc
_cBK
999 _c1038
_d1038